| 000 | 00765nam a2200169 a 4500 | ||
|---|---|---|---|
| 008 | 120416s1996 ||||||||||||||||| || u | ||
| 020 | _a9290811404 | ||
| 050 | _aCTA(02) | ||
| 110 | _aTechnical Centre for Agricultural and Rural Cooperation (CTA) | ||
| 245 | 1 | 0 | _aReview and assessment of rural development programmes in Africa: proceedings of an International workshop. 17-21 January 1994,AICC Arusha- Tanzania |
| 260 |
_aWageningen, Netherlands: _bCTA _c1996 |
||
| 300 | _a126p. : ill. | ||
| 350 | _a0.00 | ||
| 650 | 0 | _aAFRICA--ECONOMIC CONDITIONS | |
| 650 | _aRURAL DEVELOPMENT--AFRICA,SUB-SAHARAN--CONGRESSES | ||
| 995 |
_D0.00 _FCBU-MAIN LIBRARY (Kitwe) _H1 _I0.00 _M1 _UAVAILABLE _ZInternational Publications |
||
| 999 |
_c56462 _d56462 |
||